[Event "España tch - División de Honor 2012"]
[Site "Leon ESP"]
[Date "2012.11.10"]
[Round "6.16"]
[White "Hernando Pertierra, Jose Carlos"]
[Black "Alexandrova, Olga"]
[Result "0-1"]
[WhiteElo "2375"]
[BlackElo "2409"]
[PlyCount "96"]
[EventDate "2012.11.05"]
[EventType "team"]
[EventRounds "7"]
[EventCountry "ESP"]
[Source "lmi"]
[SourceDate "2012.11.05"]
[WhiteTeam "Equigoma Caja Social Catolica"]
[BlackTeam "C.E. Barcelona Uga"]

1. Nf3 Nf6 2. c4 c5 3. Nc3 Nc6 4. g3 d5 5. cxd5 Nxd5 6. Bg2 Nc7 7. O-O e5 8. d3
Be7 9. Nd2 O-O 10. Nc4 f6 11. f4 exf4 12. Bxf4 Be6 13. Bxc7 Qxc7 14. Bd5 Qd7
15. e4 Kh8 16. Bxe6 Qxe6 17. Nd5 Bd6 18. Qh5 Rad8 19. Rae1 Be5 20. Kg2 Bd4 21.
a4 Be5 22. Rf2 Qf7 23. Qxf7 Rxf7 24. g4 Rfd7 25. Rf3 Nd4 26. Nxe5 fxe5 27. Rf2
Kg8 28. Ref1 b6 29. h4 Ne6 30. Kg3 Nf4 31. Nxf4 exf4+ 32. Rxf4 Rxd3+ 33. R1f3
Rxf3+ 34. Kxf3 Rd3+ 35. Ke2 Rb3 36. Rf1 Rxb2+ 37. Ke3 Rb3+ 38. Kd2 Rb4 39. Ke3
Rxa4 40. Rd1 Rd4 41. Ra1 Rd7 42. Kf4 Kf7 43. Kf5 Rc7 44. h5 c4 45. Ke5 Ke7 46.
g5 c3 47. Kd4 c2 48. Rc1 b5 0-1

[Event "España tch - División de Honor 2012"]
[Site "Leon ESP"]
[Date "2012.11.10"]
[Round "6.21"]
[White "Marin, Mihail"]
[Black "Mchedlishvili, Mikheil"]
[Result "1/2-1/2"]
[WhiteElo "2547"]
[BlackElo "2639"]
[PlyCount "60"]
[EventDate "2012.11.05"]
[EventType "team"]
[EventRounds "7"]
[EventCountry "ESP"]
[Source "lmi"]
[SourceDate "2012.11.05"]
[WhiteTeam "C.E. Foment Martinenc"]
[BlackTeam "C.A. Reverte Albox"]

1. d4 Nf6 2. Nf3 d5 3. c4 e6 4. g3 Bb4+ 5. Bd2 Be7 6. Bg2 c6 7. Qc2 O-O 8. O-O
Nbd7 9. Rd1 b6 10. b3 Ba6 11. a4 c5 12. Na3 Bb7 13. Qb2 Ne4 14. Be1 Bf6 15.
Rac1 Qe7 16. b4 Rab8 17. Qb1 Bc6 18. b5 Ba8 19. cxd5 exd5 20. e3 Rfd8 21. Qb3
Qe6 22. Nb1 Rbc8 23. Nc3 cxd4 24. Nxd4 Bxd4 25. exd4 Ndf6 26. Ne2 Rxc1 27. Rxc1
Rc8 28. Rxc8+ Qxc8 29. f3 Nd6 30. Bb4 Nc4 1/2-1/2

[Event "España tch - División de Honor 2012"]
[Site "Leon ESP"]
[Date "2012.11.10"]
[Round "6.23"]
[White "Torrecillas Martinez, Antonio"]
[Black "Ivanov, Sergey"]
[Result "0-1"]
[WhiteElo "2406"]
[BlackElo "2542"]
[PlyCount "112"]
[EventDate "2012.11.05"]
[EventType "team"]
[EventRounds "7"]
[EventCountry "ESP"]
[Source "lmi"]
[SourceDate "2012.11.05"]
[WhiteTeam "C.E. Foment Martinenc"]
[BlackTeam "C.A. Reverte Albox"]

1. e4 e6 2. d4 d5 3. Nc3 Bb4 4. e5 c5 5. Bd2 Nh6 6. a3 Bxc3 7. Bxc3 b6 8. Bb5+
Bd7 9. Bd3 Nc6 10. Nf3 Qb8 11. O-O cxd4 12. Bd2 Nxe5 13. Bf4 f6 14. Nxe5 fxe5
15. Bxh6 gxh6 16. Qh5+ Ke7 17. Qh4+ Kd6 18. c3 Qd8 19. Qxh6 dxc3 20. bxc3 Qf8
21. Qh5 e4 22. Be2 Qf5 23. Qh4 Rhg8 24. f4 Rac8 25. Rac1 Rc5 26. Rfd1 Rgc8 27.
Qg3 Bb5 28. Bg4 Qf6 29. f5+ Qe5 30. Qh3 Rxc3 31. Rxc3 Rxc3 32. Qh6 e3 33. fxe6
e2 34. Qf8+ Kc7 35. Re1 Qd4+ 36. Kh1 Qxg4 37. e7 Qd7 38. e8=Q Qxe8 39. Qg7+ Kd6
40. Qxc3 Qf7 41. Qg3+ Kc6 42. Qc3+ Bc4 43. h3 Qf2 44. a4 a6 45. Kh2 h5 46. Ra1
h4 47. Kh1 Kc5 48. Qe5 Qg3 49. Qe7+ Kd4 50. Rc1 Qf4 51. Qg7+ Ke4 52. Qg6+ Ke3
53. Qxb6+ d4 54. Qb1 Bd3 55. Qa1 Be4 56. Rg1 Bxg2+ 0-1

[Event "España tch - División de Honor 2012"]
[Site "Leon ESP"]
[Date "2012.11.10"]
[Round "6.24"]
[White "Goganov, Aleksey"]
[Black "L'Ami, Alina"]
[Result "1-0"]
[WhiteElo "2530"]
[BlackElo "2381"]
[PlyCount "77"]
[EventDate "2012.11.05"]
[EventType "team"]
[EventRounds "7"]
[EventCountry "ESP"]
[Source "lmi"]
[SourceDate "2012.11.05"]
[WhiteTeam "C.A. Reverte Albox"]
[BlackTeam "C.E. Foment Martinenc"]

1. d4 Nf6 2. c4 g6 3. Nc3 Bg7 4. e4 d6 5. Nf3 O-O 6. Be2 Bg4 7. Be3 Nfd7 8. Rc1
c5 9. d5 Na6 10. h3 Bxf3 11. Bxf3 Nc7 12. O-O a6 13. a4 Re8 14. Qd2 e6 15. Rfe1
exd5 16. exd5 Ne5 17. Be2 f5 18. f4 Ng4 19. Bxg4 fxg4 20. hxg4 Qh4 21. g5 Rxe3
22. Rxe3 Bd4 23. Ne2 Bxe3+ 24. Qxe3 Re8 25. Qf3 b5 26. b3 h6 27. gxh6 Qxh6 28.
Ng3 Qg7 29. Qd3 Qf6 30. axb5 axb5 31. Rd1 b4 32. f5 Qg5 33. fxg6 Re3 34. Qf5
Qxf5 35. Nxf5 Rxb3 36. Re1 Ra3 37. Re7 Ra7 38. Nh6+ Kf8 39. Rf7+ 1-0

[Event "España tch - División de Honor 2012"]
[Site "Leon ESP"]
[Date "2012.11.10"]
[Round "6.25"]
[White "Granados Gomez, Manuel"]
[Black "Ibarra Jerez, Jose Carlos"]
[Result "1-0"]
[WhiteElo "2374"]
[BlackElo "2528"]
[PlyCount "69"]
[EventDate "2012.11.05"]
[EventType "team"]
[EventRounds "7"]
[EventCountry "ESP"]
[Source "lmi"]
[SourceDate "2012.11.05"]
[WhiteTeam "C.E. Foment Martinenc"]
[BlackTeam "C.A. Reverte Albox"]

1. Nf3 Nf6 2. c4 d6 3. Nc3 e5 4. g3 g6 5. Bg2 Bg7 6. d3 h6 7. O-O O-O 8. e4 Nc6
9. h3 Nd7 10. Be3 Nd4 11. Bxd4 exd4 12. Nb5 a6 13. Nbxd4 c5 14. Ne2 Bxb2 15.
Rb1 Bg7 16. Nf4 Nb8 17. h4 Nc6 18. Bh3 Bxh3 19. Nxh3 Rb8 20. a4 Qd7 21. Nf4 Kh7
22. h5 g5 23. Nd5 Qh3 24. Nh2 Qd7 25. Ng4 f5 26. exf5 Rxf5 27. Nge3 Rf7 28. Kg2
Nd4 29. Qg4 Qxa4 30. f4 gxf4 31. Qg6+ Kg8 32. Ng4 f3+ 33. Kh1 Rd7 34. Ngf6+ Kf8
35. Nb6 1-0

[Event "España tch - División de Honor 2012"]
[Site "Leon ESP"]
[Date "2012.11.10"]
[Round "6.26"]
[White "Rubio Tapia, Jose Juan"]
[Black "Sanchez Ibern, Marc"]
[Result "1/2-1/2"]
[WhiteElo "2115"]
[BlackElo "2332"]
[PlyCount "247"]
[EventDate "2012.11.05"]
[EventType "team"]
[EventRounds "7"]
[EventCountry "ESP"]
[Source "lmi"]
[SourceDate "2012.11.05"]
[WhiteTeam "C.A. Reverte Albox"]
[BlackTeam "C.E. Foment Martinenc"]

1. d4 Nf6 2. c4 e6 3. Nf3 c5 4. d5 b5 5. dxe6 fxe6 6. cxb5 a6 7. e3 Be7 8. Nc3
d5 9. Be2 O-O 10. O-O axb5 11. Nxb5 Nc6 12. b3 Bd7 13. a4 Be8 14. Ba3 Ne4 15.
Rc1 Qa5 16. Qe1 Qb6 17. Nd2 Nf6 18. e4 Bg6 19. exd5 exd5 20. Bf3 Rfe8 21. Qe6+
Bf7 22. Qf5 Bf8 23. Qc2 Nd7 24. Bg4 Nce5 25. Bf5 g6 26. Bh3 Rad8 27. Kh1 c4 28.
bxc4 Nxc4 29. Nxc4 dxc4 30. Bxf8 Rxf8 31. f4 Nc5 32. Na3 Rd4 33. f5 g5 34. Nb5
Rd3 35. Bg4 Rfd8 36. Qf2 Nxa4 37. Qxb6 Nxb6 38. Nc3 Nd5 39. Nxd5 Bxd5 40. Be2
Rd4 41. Rfd1 Bf7 42. Kg1 Kg7 43. Rxd4 Rxd4 44. Kf2 Kf6 45. g4 Ke5 46. Ra1 Rf4+
47. Ke3 Re4+ 48. Kf2 Bd5 49. Ra5 c3 50. Bf3 c2 51. Rc5 Rc4 52. Rxd5+ Kf6 53.
Rd6+ Ke7 54. Re6+ Kd7 55. Re1 c1=Q 56. Rxc1 Rxc1 57. Bd5 Rc2+ 58. Kg3 Rc3+ 59.
Kg2 Ke7 60. Bg8 h6 61. Bd5 Kf6 62. Bg8 Ke5 63. Bf7 Kf4 64. Bh5 Rc2+ 65. Kf1
Rxh2 66. f6 Kf3 67. Ke1 Ke3 68. Kd1 Rh1+ 69. Kc2 Rf1 70. f7 Rf6 71. Kd1 Kd4 72.
Ke2 Ke5 73. Ke3 Ke6 74. Ke2 Ke7 75. Ke1 Kf8 76. Ke2 Kg7 77. Ke1 Rf3 78. Ke2 Rf4
79. Ke1 Ra4 80. Ke2 Ra3 81. Kf2 Ra2+ 82. Kg3 Ra1 83. Kg2 Kf8 84. Bg6 Ra2+ 85.
Kg3 Ra3+ 86. Kg2 Ke7 87. Bh5 Ra8 88. Kg3 Kd6 89. Kg2 Ke5 90. Kf3 Kd4 91. Bg6
Ra3+ 92. Kg2 Ra8 93. Kf3 Ke5 94. Bh5 Kf6 95. Kg3 Ke7 96. Kg2 Ra6 97. Kg3 Rf6
98. Kg2 Rxf7 99. Bxf7 Kxf7 100. Kf1 Kg6 101. Kg2 Kg7 102. Kg1 Kf7 103. Kf1 Ke7
104. Ke1 Kd7 105. Kd1 Kc7 106. Kc1 Kb7 107. Kb1 Kb8 108. Kb2 Kb7 109. Kb3 Kb6
110. Kb4 Kc6 111. Kc4 Kd6 112. Kd4 Ke7 113. Ke3 Kf8 114. Kf2 Kf7 115. Kf1 Kg6
116. Kg2 h5 117. gxh5+ Kxh5 118. Kh3 g4+ 119. Kg3 Kg5 120. Kg2 Kf4 121. Kf2 g3+
122. Kg2 Kg4 123. Kg1 g2 124. Kxg2 1/2-1/2

[Event "España tch - División de Honor 2012"]
[Site "Leon ESP"]
[Date "2012.11.10"]
[Round "6.32"]
[White "Sargissian, Gabriel"]
[Black "Van Wely, Loek"]
[Result "1/2-1/2"]
[WhiteElo "2679"]
[BlackElo "2691"]
[PlyCount "132"]
[EventDate "2012.11.05"]
[EventType "team"]
[EventRounds "7"]
[EventCountry "ESP"]
[Source "lmi"]
[SourceDate "2012.11.05"]
[WhiteTeam "Linex-Magic Extremadura"]
[BlackTeam "Gros Xake-Taldea"]

1. d4 Nf6 2. c4 g6 3. g3 Bg7 4. Bg2 O-O 5. Nc3 c5 6. d5 d6 7. Nf3 e6 8. O-O
exd5 9. cxd5 Re8 10. Bf4 Ne4 11. Rc1 Nxc3 12. bxc3 b5 13. Nd2 g5 14. Be3 Bf5
15. a4 a6 16. Qb3 bxa4 17. Qxa4 Nd7 18. Nc4 Ne5 19. Nxe5 Bxe5 20. Bd2 a5 21. f4
gxf4 22. gxf4 Bg7 23. e4 Bd7 24. Qc2 f5 25. e5 dxe5 26. Rf3 e4 27. Rg3 Ra6 28.
Be3 Rg6 29. Bxc5 Qc7 30. Be3 Qc4 31. Bf1 Qxd5 32. c4 Qc6 33. c5 Rb8 34. Rb1
Rxb1 35. Qxb1 a4 36. Bc4+ Kf8 37. Qb8+ Be8 38. Qb4 Bf6 39. Kf1 Kg7 40. Rh3 Qd7
41. Be2 Qd5 42. Qc4 Qb7 43. Qc1 Bb5 44. Bxb5 Qxb5+ 45. Kf2 Qb2+ 46. Qxb2 Bxb2
47. Bd2 Bd4+ 48. Be3 Bxe3+ 49. Rxe3 Rc6 50. Rc3 Kf6 51. Ke3 Ke6 52. Kd4 Ra6 53.
Rh3 Kd7 54. Kd5 a3 55. Rxh7+ Kd8 56. Rh8+ Ke7 57. Rh7+ Kd8 58. Rh8+ Ke7 59.
Rh7+ Kf8 60. c6 Rxc6 61. Kxc6 e3 62. Rh8+ Kf7 63. Rh7+ Kf6 64. Rh5 Ke7 65. Rh6
Kf7 66. Kd6 Ke8 1/2-1/2

[Event "España tch - División de Honor 2012"]
[Site "Leon ESP"]
[Date "2012.11.10"]
[Round "6.35"]
[White "San Segundo Carrillo, Pablo"]
[Black "Perez Candelario, Manuel"]
[Result "0-1"]
[WhiteElo "2509"]
[BlackElo "2579"]
[PlyCount "94"]
[EventDate "2012.11.05"]
[EventType "team"]
[EventRounds "7"]
[EventCountry "ESP"]
[Source "lmi"]
[SourceDate "2012.11.05"]
[WhiteTeam "Gros Xake-Taldea"]
[BlackTeam "Linex-Magic Extremadura"]

1. d4 d6 2. c4 e5 3. Nf3 e4 4. Ng5 f5 5. g3 Be7 6. Nh3 Nf6 7. Bg2 c6 8. Nc3 Na6
9. O-O O-O 10. Qb3 Nc7 11. f3 exf3 12. exf3 Kh8 13. Re1 Rb8 14. Nf4 g5 15. Nd3
f4 16. gxf4 g4 17. Nf2 gxf3 18. Bxf3 Bf5 19. Ne2 b5 20. Ng3 bxc4 21. Qxc4 Nfd5
22. Nxf5 Rxf5 23. Qc2 Qf8 24. Bg4 Rf7 25. f5 Bf6 26. Re4 Qg7 27. Kh1 Bxd4 28.
Bh6 Qf6 29. Nd3 c5 30. Qd2 Rg8 31. Rae1 Re7 32. h3 Rxe4 33. Rxe4 Qh4 34. Rxd4
cxd4 35. Nf2 Nf6 36. Kg2 Ncd5 37. Kf3 Ne3 38. Bxe3 dxe3 39. Qxe3 d5 40. b3 Re8
41. Qd2 Kg7 42. Kg2 h5 43. Bf3 Kh7 44. Kf1 Re5 45. Qa5 Qf4 46. Qxa7+ Kh6 47.
Qf7 Rxf5 0-1

[Event "España tch - División de Honor 2012"]
[Site "Leon ESP"]
[Date "2012.11.10"]
[Round "6.36"]
[White "Garcia-Ortega Mendez, Jose M"]
[Black "Gonzalez De La Torre, Santiago"]
[Result "1/2-1/2"]
[WhiteElo "2307"]
[BlackElo "2441"]
[PlyCount "128"]
[EventDate "2012.11.05"]
[EventType "team"]
[EventRounds "7"]
[EventCountry "ESP"]
[Source "lmi"]
[SourceDate "2012.11.05"]
[WhiteTeam "Linex-Magic Extremadura"]
[BlackTeam "Gros Xake-Taldea"]

1. Nf3 d5 2. d4 Nf6 3. c4 e6 4. e3 a6 5. Nbd2 c5 6. cxd5 exd5 7. b3 Nc6 8. Bb2
cxd4 9. Nxd4 Bd6 10. Be2 O-O 11. O-O Re8 12. g3 Ne5 13. Re1 h5 14. N4f3 Neg4
15. Bf1 Bf5 16. h3 Nh6 17. Bg2 Rc8 18. Rc1 Rxc1 19. Qxc1 Ne4 20. Nxe4 dxe4 21.
Nd4 Bd7 22. Qc4 Qg5 23. h4 Qg6 24. Qd5 Ng4 25. Qxb7 Re7 26. Qa8+ Re8 27. Qb7
Bc8 28. Qc6 Kf8 29. Bxe4 Qxe4 30. Qxd6+ Kg8 31. f3 Qd3 32. fxg4 Rxe3 33. Rxe3
Qxe3+ 34. Kg2 Qd2+ 35. Kg1 Qe1+ 36. Kg2 Bb7+ 37. Nc6 Qe4+ 38. Kf2 Bxc6 39. Qe5
Qf3+ 40. Ke1 Qxg4 41. Qb8+ Kh7 42. Qf4 Qg6 43. Kd2 f6 44. Qe3 Be4 45. a4 Qg4
46. Bc3 Bg6 47. Kc1 Qf5 48. Kb2 Qb1+ 49. Ka3 Bc2 50. Bb2 Qd1 51. Qc3 Qd6+ 52.
Ka2 Bd3 53. Qe1 Kg6 54. Qe3 Qd5 55. Qf4 Bc2 56. Qe3 Qe4 57. Qxe4+ Bxe4 58. Bc1
Bc2 59. Ka3 Kf5 60. Bf4 g5 61. hxg5 fxg5 62. Bb8 h4 63. gxh4 gxh4 64. Kb4 h3
1/2-1/2

[Event "España tch - División de Honor 2012"]
[Site "Leon ESP"]
[Date "2012.11.10"]
[Round "6.45"]
[White "Ubilava, Elizbar"]
[Black "Del Rio Angelis, Salvador Gabriel"]
[Result "1/2-1/2"]
[WhiteElo "2509"]
[BlackElo "2484"]
[PlyCount "116"]
[EventDate "2012.11.05"]
[EventType "team"]
[EventRounds "7"]
[EventCountry "ESP"]
[Source "lmi"]
[SourceDate "2012.11.05"]
[WhiteTeam "C.A. Solvay"]
[BlackTeam "Sestao Naturgas Energia"]

1. d4 d6 2. Nf3 Bg4 3. c4 Bxf3 4. exf3 g6 5. Be2 Bg7 6. d5 e6 7. O-O Ne7 8. Nc3
Nd7 9. Re1 O-O 10. Bf1 e5 11. f4 Nf5 12. Rb1 Re8 13. fxe5 Bxe5 14. g3 Nc5 15.
Ne4 Nxe4 16. Rxe4 Bg7 17. Rxe8+ Qxe8 18. Bd3 Nd4 19. Be3 Qe5 20. Qg4 f5 21. Qf4
Qxf4 22. Bxf4 Nf3+ 23. Kg2 Ne5 24. Be2 a5 25. b3 b6 26. h3 Re8 27. Kf1 h5 28.
Bd2 Nd7 29. g4 hxg4 30. hxg4 Nc5 31. gxf5 Ne4 32. Be1 gxf5 33. Bd3 Kf7 34. Rc1
Rh8 35. Ke2 Rh3 36. Bxe4 fxe4 37. Bd2 Bd4 38. Rg1 a4 39. Rg3 Rh2 40. Be3 Be5
41. Rg4 Rh1 42. Rxe4 Ra1 43. bxa4 Rxa2+ 44. Kd3 Ra3+ 45. Kc2 Rxa4 46. Kb3 b5
47. f3 Rxc4 48. Rxc4 bxc4+ 49. Kxc4 Ke7 50. Kb5 Kd7 51. Bg5 Bb2 52. Be3 Bf6 53.
f4 Bh4 54. Bd2 Bf6 55. f5 Be5 56. Bg5 Bb2 57. f6 Ba1 58. f7 Bg7 1/2-1/2

[Event "España tch - División de Honor 2012"]
[Site "Leon ESP"]
[Date "2012.11.10"]
[Round "6.46"]
[White "Romero Holmes, Alfonso"]
[Black "De La Villa Garcia, Jesus Maria"]
[Result "1/2-1/2"]
[WhiteElo "2505"]
[BlackElo "2463"]
[PlyCount "72"]
[EventDate "2012.11.05"]
[EventType "team"]
[EventRounds "7"]
[EventCountry "ESP"]
[Source "lmi"]
[SourceDate "2012.11.05"]
[WhiteTeam "Sestao Naturgas Energia"]
[BlackTeam "C.A. Solvay"]

1. e4 e6 2. Qe2 c5 3. Nf3 Nc6 4. c3 d5 5. exd5 Qxd5 6. Na3 Nf6 7. g3 Be7 8. Bg2
O-O 9. O-O Rd8 10. Nc4 Qe4 11. Qxe4 Nxe4 12. d4 cxd4 13. Nxd4 Nxd4 14. Bxe4
Ne2+ 15. Kg2 Nxc1 16. Rfxc1 Rb8 17. Rd1 Kf8 18. h4 h6 19. h5 Bf6 20. Na5 Ke8
21. f4 Rxd1 22. Rxd1 Bd8 23. Nb3 Be7 24. Nd4 Bd7 25. f5 exf5 26. Bxf5 Bc6+ 27.
Nxc6 bxc6 28. Rd2 Rd8 29. Re2 Rd6 30. Bc2 Kd7 31. Bb3 Bg5 32. Re4 Rd2+ 33. Kf3
Rxb2 34. Ra4 Kd6 35. Rxa7 Bf6 36. Rxf7 Ke5 1/2-1/2

[Event "España tch - División de Honor 2012"]
[Site "Leon ESP"]
[Date "2012.11.11"]
[Round "7.16"]
[White "Alexandrova, Olga"]
[Black "Trigo Urquijo, Sergio"]
[Result "1-0"]
[WhiteElo "2409"]
[BlackElo "2237"]
[PlyCount "81"]
[EventDate "2012.11.05"]
[EventType "team"]
[EventRounds "7"]
[EventCountry "ESP"]
[Source "lmi"]
[SourceDate "2012.11.05"]
[WhiteTeam "C.E. Barcelona Uga"]
[BlackTeam "Sestao Naturgas Energia"]

1. d4 d6 2. Nf3 g6 3. c4 Bg7 4. Nc3 Bg4 5. g3 Bxf3 6. exf3 e6 7. Bg2 Nd7 8. f4
Rb8 9. O-O Ne7 10. d5 e5 11. fxe5 Nxe5 12. f4 Nd7 13. Bh3 O-O 14. Be3 Nc8 15.
Qd2 a6 16. Rac1 Re8 17. Rfe1 Ncb6 18. b3 Nc5 19. Bd4 Rxe1+ 20. Rxe1 Qf8 21.
Bxg7 Qxg7 22. Bf1 Qf8 23. b4 Ncd7 24. a4 Nf6 25. a5 Nbd7 26. Qd4 Re8 27. Rxe8
Nxe8 28. Kf2 Qe7 29. Be2 Qf6 30. Qxf6 Nexf6 31. Ke3 Kf8 32. Kd4 b6 33. Na4 bxa5
34. bxa5 Ke7 35. c5 dxc5+ 36. Nxc5 Kd6 37. Nxd7 Nxd7 38. Bxa6 c5+ 39. dxc6 Kxc6
40. Bc8 Nf6 41. Ke5 1-0

[Event "España tch - División de Honor 2012"]
[Site "Leon ESP"]
[Date "2012.11.11"]
[Round "7.23"]
[White "Svetushkin, Dmitry"]
[Black "Ganguly, Surya Shekhar"]
[Result "1-0"]
[WhiteElo "2589"]
[BlackElo "2619"]
[PlyCount "79"]
[EventDate "2012.11.05"]
[EventType "team"]
[EventRounds "7"]
[EventCountry "ESP"]
[Source "lmi"]
[SourceDate "2012.11.05"]
[WhiteTeam "Linex-Magic Extremadura"]
[BlackTeam "C.A. Solvay"]

1. e4 e5 2. Nf3 Nc6 3. Bb5 a6 4. Ba4 Nf6 5. O-O b5 6. Bb3 Bc5 7. c3 d6 8. d4
Bb6 9. Be3 O-O 10. Nbd2 Bg4 11. h3 Bh5 12. Bg5 exd4 13. Bd5 dxc3 14. Bxc6 cxd2
15. Bxa8 Qxa8 16. Bxf6 gxf6 17. Qxd2 Qxe4 18. Rfe1 Qf5 19. Nh4 Qg5 20. Qxg5+
fxg5 21. Nf5 Bc5 22. Ne7+ Kg7 23. Nd5 Bd4 24. Nxc7 Bxb2 25. Rab1 Be5 26. Rbc1
Rb8 27. Nxa6 Ra8 28. Rc6 Bg6 29. Rd1 Ra7 30. Rb6 Bf5 31. Nb4 Bd7 32. Nd3 Be6
33. Nxe5 dxe5 34. Rxb5 f6 35. a3 Rxa3 36. Rb7+ Kh6 37. Rd6 Ra1+ 38. Kh2 Bf5 39.
Rxf6+ Bg6 40. f3 1-0

[Event "España tch - División de Honor 2012"]
[Site "Leon ESP"]
[Date "2012.11.11"]
[Round "7.24"]
[White "Delchev, Aleksander"]
[Black "Ter-Sahakyan, Samvel"]
[Result "1-0"]
[WhiteElo "2587"]
[BlackElo "2580"]
[PlyCount "187"]
[EventDate "2012.11.05"]
[EventType "team"]
[EventRounds "7"]
[EventCountry "ESP"]
[Source "lmi"]
[SourceDate "2012.11.05"]
[WhiteTeam "C.A. Solvay"]
[BlackTeam "Linex-Magic Extremadura"]

1. d4 d5 2. c4 c6 3. Nc3 Nf6 4. e3 e6 5. Nf3 Nbd7 6. Qc2 Bd6 7. b3 O-O 8. Be2
e5 9. cxd5 cxd5 10. Nb5 Bb4+ 11. Bd2 Bxd2+ 12. Nxd2 a6 13. dxe5 Nxe5 14. Nd4
Bg4 15. Bxg4 Nexg4 16. O-O Rc8 17. Qf5 Qc7 18. N2f3 Rfe8 19. Ne2 Ne5 20. Rac1
Nxf3+ 21. gxf3 Qd7 22. Nd4 Rcd8 23. Qxd7 Rxd7 24. Rc5 Kf8 25. Rfc1 g6 26. a4
Nh5 27. Rc7 Ke7 28. R1c5 Red8 29. Kf1 Ng7 30. Ke2 Ne6 31. Rxd7+ Rxd7 32. Nxe6
fxe6 33. f4 Kd6 34. Rc8 Rf7 35. b4 Rf5 36. Rb8 Kc6 37. Re8 Kd6 38. Rg8 Rf7 39.
Kd3 Rc7 40. Rd8+ Ke7 41. Rb8 Kd6 42. f3 Rf7 43. Rc8 Kd7 44. Rg8 Kd6 45. h4 Rc7
46. Rb8 Re7 47. Rc8 Kd7 48. Rc5 b6 49. Rc2 e5 50. fxe5 Rxe5 51. Kd4 Rh5 52. f4
Rxh4 53. Kxd5 Rh5+ 54. Kd4 Rh1 55. Ke5 Ra1 56. Rh2 h5 57. Rd2+ Ke7 58. Rd6 Re1
59. Rxg6 Rxe3+ 60. Kf5 Ra3 61. Re6+ Kd7 62. Rxb6 Rxa4 63. Kg5 h4 64. f5 h3 65.
Rh6 Rxb4 66. Rxh3 Ke7 67. Rh7+ Kf8 68. Kg6 Rg4+ 69. Kf6 Kg8 70. Re7 Rg1 71.
Re8+ Kh7 72. Kf7 Rb1 73. Re7 Rb8 74. Kf6+ Kh6 75. Re6 Kh7 76. Rxa6 Rf8+ 77. Kg5
Rg8+ 78. Kf6 Rf8+ 79. Ke6 Re8+ 80. Kf7 Rb8 81. Ra7 Kh6 82. Re7 Ra8 83. Re6+ Kh7
84. Re8 Ra6 85. Re1 Ra7+ 86. Kf8 Ra8+ 87. Re8 Ra1 88. f6 Rb1 89. f7 Rb7 90. Re1
Rb8+ 91. Ke7 Rb7+ 92. Kf6 Rb6+ 93. Re6 Rb8 94. Re8 1-0

[Event "España tch - División de Honor 2012"]
[Site "Leon ESP"]
[Date "2012.11.11"]
[Round "7.26"]
[White "Bernal Moro, Luis Javier"]
[Black "Garcia-Ortega Mendez, Jose M"]
[Result "1-0"]
[WhiteElo "2421"]
[BlackElo "2307"]
[PlyCount "83"]
[EventDate "2012.11.05"]
[EventType "team"]
[EventRounds "7"]
[EventCountry "ESP"]
[Source "lmi"]
[SourceDate "2012.11.05"]
[WhiteTeam "C.A. Solvay"]
[BlackTeam "Linex-Magic Extremadura"]

1. Nf3 e6 2. g3 Nf6 3. c4 d5 4. Bg2 Be7 5. O-O O-O 6. b3 c5 7. e3 Nc6 8. Bb2 b6
9. Nc3 Ba6 10. d3 Rc8 11. Qe2 Qd7 12. Rfd1 Rfd8 13. Rab1 h6 14. Ba1 Qe8 15. Nb5
Qd7 16. d4 cxd4 17. exd4 Qb7 18. Ne5 Qb8 19. Re1 Bb4 20. Nxc6 Rxc6 21. Rec1
Rdc8 22. a4 Bb7 23. Bb2 a6 24. Na3 R6c7 25. Nc2 Bf8 26. Ne3 a5 27. Rc2 Rd7 28.
Rbc1 Rcd8 29. h4 Qa8 30. g4 Qb8 31. g5 hxg5 32. hxg5 Ne4 33. Qg4 Re8 34. cxd5
f5 35. Qh4 g6 36. dxe6 Rh7 37. Qxh7+ Kxh7 38. d5 Bc5 39. Bxe4 fxe4 40. Kg2 Kg8
41. Rh1 Kf8 42. Bf6 1-0

[Event "España tch - División de Honor 2012"]
[Site "Leon ESP"]
[Date "2012.11.11"]
[Round "7.33"]
[White "Ivanov, Sergey"]
[Black "Bauer, Christian"]
[Result "1-0"]
[WhiteElo "2542"]
[BlackElo "2639"]
[PlyCount "103"]
[EventDate "2012.11.05"]
[EventType "team"]
[EventRounds "7"]
[EventCountry "ESP"]
[Source "lmi"]
[SourceDate "2012.11.05"]
[WhiteTeam "C.A. Reverte Albox"]
[BlackTeam "Gros Xake-Taldea"]

1. d4 f5 2. c4 Nf6 3. Nc3 e6 4. Qc2 b6 5. e3 Bb7 6. Nh3 g6 7. Nf4 c5 8. Be2 Nc6
9. d5 Nb4 10. Qd1 e5 11. Nh3 e4 12. a3 Na6 13. f3 exf3 14. Bxf3 Bg7 15. O-O O-O
16. Bd2 Rb8 17. Qc2 Ne8 18. e4 Nd6 19. b3 Bd4+ 20. Kh1 Qf6 21. Bg5 Qg7 22. Rac1
Bxc3 23. Qxc3 Qxc3 24. Rxc3 Nxe4 25. Bxe4 fxe4 26. Rxf8+ Rxf8 27. Kg1 Nc7 28.
Nf2 Nxd5 29. cxd5 Bxd5 30. Re3 Re8 31. Ng4 Kf7 32. h4 Bc6 33. Re2 d5 34. Rf2+
Ke6 35. Rf6+ Kd7 36. Rf7+ Kc8 37. Bf4 Re6 38. Ne5 a5 39. a4 h5 40. Kf2 Be8 41.
Ra7 Bc6 42. Nf7 Rf6 43. g3 Bb7 44. Nd6+ Rxd6 45. Bxd6 d4 46. Bf4 e3+ 47. Ke2
Be4 48. Re7 Bc2 49. Rc7+ Kd8 50. Rb7 Bxb3 51. Rxb6 Bxa4 52. Bd6 1-0

[Event "España tch - División de Honor 2012"]
[Site "Leon ESP"]
[Date "2012.11.11"]
[Round "7.35"]
[White "Ibarra Jerez, Jose Carlos"]
[Black "Franco Alonso, Alejandro"]
[Result "1/2-1/2"]
[WhiteElo "2528"]
[BlackElo "2476"]
[PlyCount "45"]
[EventDate "2012.11.05"]
[EventType "team"]
[EventRounds "7"]
[EventCountry "ESP"]
[Source "lmi"]
[SourceDate "2012.11.05"]
[WhiteTeam "C.A. Reverte Albox"]
[BlackTeam "Gros Xake-Taldea"]

1. e4 c5 2. Nf3 e6 3. d4 cxd4 4. Nxd4 Nf6 5. Nc3 d6 6. g4 h6 7. h4 a6 8. Bg2 h5
9. gxh5 Rxh5 10. Bg5 Rh8 11. Qe2 Qb6 12. O-O-O Nc6 13. Nb3 Bd7 14. h5 Be7 15.
f4 Qc7 16. Bf3 O-O-O 17. Rhe1 Kb8 18. Kb1 Bc8 19. a3 Ng8 20. Qg2 Nf6 21. Qe2
Ng8 22. Qg2 Nf6 23. Qe2 1/2-1/2

[Event "España tch - División de Honor 2012"]
[Site "Leon ESP"]
[Date "2012.11.11"]
[Round "7.36"]
[White "Gonzalez De La Torre, Santiago"]
[Black "Rubio Tapia, Jose Juan"]
[Result "1-0"]
[WhiteElo "2441"]
[BlackElo "2115"]
[PlyCount "39"]
[EventDate "2012.11.05"]
[EventType "team"]
[EventRounds "7"]
[EventCountry "ESP"]
[Source "lmi"]
[SourceDate "2012.11.05"]
[WhiteTeam "Gros Xake-Taldea"]
[BlackTeam "C.A. Reverte Albox"]

1. e4 e5 2. Nf3 Nf6 3. Nxe5 d6 4. Nf3 Nxe4 5. d4 d5 6. Bd3 Nc6 7. O-O Be7 8. c4
Nb4 9. cxd5 Nxd3 10. Qxd3 Qxd5 11. Re1 Bf5 12. g4 Bg6 13. Nc3 Nxc3 14. Qxc3 Kf8
15. Bf4 c6 16. Rxe7 Kxe7 17. Qb4+ c5 18. dxc5 f6 19. c6+ Kf7 20. Qxb7+ 1-0

[Event "España tch - División de Honor 2012"]
[Site "Leon ESP"]
[Date "2012.11.11"]
[Round "7.41"]
[White "Iturrizaga Bonelli, Eduardo"]
[Black "Marin, Mihail"]
[Result "0-1"]
[WhiteElo "2656"]
[BlackElo "2547"]
[PlyCount "76"]
[EventDate "2012.11.05"]
[EventType "team"]
[EventRounds "7"]
[EventCountry "ESP"]
[Source "lmi"]
[SourceDate "2012.11.05"]
[WhiteTeam "Equigoma Caja Social Catolica"]
[BlackTeam "C.E. Foment Martinenc"]

1. d4 e6 2. Nf3 Nf6 3. c4 Bb4+ 4. Bd2 a5 5. g3 b6 6. Bg2 Bb7 7. O-O O-O 8. Bf4
Be7 9. Nc3 Ne4 10. Nb5 Na6 11. Rc1 d6 12. a3 f5 13. Nd2 Nxd2 14. Bxb7 Nxf1 15.
Qxf1 g5 16. Bd2 c6 17. Bxc6 Rb8 18. d5 e5 19. b4 g4 20. e4 axb4 21. axb4 Nc7
22. Nxc7 Qxc7 23. Ra1 f4 24. Qe2 h5 25. gxf4 exf4 26. e5 dxe5 27. Qe4 Bf6 28.
d6 Qg7 29. Qf5 Bg5 30. Qe6+ Kh8 31. Bc3 Bf6 32. Re1 e4 33. Bxf6 Rxf6 34. Qd5 g3
35. Rxe4 gxh2+ 36. Kxh2 Rg8 37. Re1 f3 38. Qxg8+ Qxg8 0-1